Statystyki dla Państwa o największej liczbie miliarderów na mieszkańca

Kliknij tutaj aby rozwiązać quiz!

Ogólne statystyki

  • Ten quiz został rozwiązany 2 726 razy
  • Średni wynik to 12 z 20

Statystyki odpowiedzi

# na milion
mieszkańców
Najbogatsza osobaKraj% Poprawnych
1.90Jeff BezosStany Zjednoczone
99%
1.38Karl Albrecht Jr.Niemcy
90%
1.10David ThomsonKanada
83%
2.79Odd ReitanNorwegia
79%
2.89Stefan PerssonSzwecja
79%
3.96Gianluigi AponteSzwajcaria
74%
1.08Antti HerlinFinlandia
71%
1.56Anders PovlsenDania
70%
1.00Dietrich MateschitzAustria
68%
102.7David NahmadMonako
66%
2.95Thor BjorgolfssonIslandia
65%
1.31Gina RinehartAustralia
64%
26.3Christoph ZellerLiechtenstein
61%
4.13Zhang YongSingapur
56%
1.84Pallonji MistryIrlandia
49%
1.68Terry GouTajwan
45%
2.58Eyal OferIzrael
40%
5.01John FredriksenCypr
25%
0.88Taha MikatiLiban
14%
56.8Myron WentzSaint Kitts i Nevis
7%

Rozkład punktacji

Percentyl według liczby udzielonych odpowiedzi

Procent ludzi z każdym wynikiem

Twoja historia wyników

Nie rozwiązałeś tego quizu